| 000 | 00478nam a22001577a 4500 | ||
|---|---|---|---|
| 008 | 230605b |||||||| |||| 00| 0 eng d | ||
| 040 |
_aNational Science Library _cNational Science Library |
||
| 080 |
_aR 016:002 _bJ1 |
||
| 100 | _aFrank, Otto | ||
| 245 |
_aLiteraturvezeichnos zur dokumentation 1930 bis 1950 _c/ Beuth-Vertrieb GMBH |
||
| 260 |
_aBerlin: _bBeuth-Vertrieb GMBH, _c1951 |
||
| 300 | _a156p. | ||
| 650 | _aLanguage | ||
| 653 | _aDictionaries | ||
| 942 |
_2udc _cPR |
||
| 999 |
_c39055 _d39055 |
||